País más pequeño en ... - Estadísticas

Estadísticas generales
  • Esta prueba ha sido intentada 215 veces
  • La puntuación promedio es 9 de 14
Estadísticas de respuestas
País más pequeño en ... Pais % Correcto
Europa Ciudad del Vaticano
98%
América del Sur Surinam
83%
Países nórdicos Dinamarca
72%
Oceanía Nauru
66%
América Central El Salvador
62%
África Seychelles
61%
Benelux Luxemburgo
60%
-Stan países Tayikistán
60%
Bordeando el mar mediterráneo Monaco
56%
Península balcánica Kosovo
52%
Asia Maldivas
51%
Bordeando el mar rojo propiamente dicho Yibuti
50%
América del Norte San Cristóbal y Nieves
46%
Bordeando el mar negro Georgia
44%
No se encontraron pruebas coincidentes
Distribución de puntuación
Porcentaje de gente con cada puntuación
Porcentaje por número respondido
Historial de tus puntuaciones
No has intentado esta prueba.